| 000 | 00563cam a2200205 4500 | ||
|---|---|---|---|
| 001 | D15642 | ||
| 008 | 090401t1979 xxu||||| |||| 00| 0 eng d | ||
| 035 | _a(Sirsi) u24272 | ||
| 041 | _aeng | ||
| 050 | _a381.41 | ||
| 110 | _aLivestock Auctioneers' Market Committee for England and Wales | ||
| 245 | _aReport April 1978 to March 1979 | ||
| 260 |
_aBasingstoke Hants _bRICS _c1979 |
||
| 300 | _a10p. 21cm | ||
| 350 | _a0 | ||
| 520 | _aFiled in box 1979/57A | ||
| 710 |
_aRoyal Institution of Chartered Surveyors _94900 |
||
| 942 | _n0 | ||
| 948 | _c04/03/1997 | ||
| 999 |
_c88520 _d88520 |
||